| 000 | 01044nas a2200337 4500 | ||
|---|---|---|---|
| 001 | BR2012006884 | ||
| 003 | BR-BrBNA | ||
| 005 | 20231205121138.0 | ||
| 007 | ta | ||
| 008 | 230509b bl.|||p| |||| 00| 00por d | ||
| 040 |
_aBR-BrBNA _bpor _cBiblioteca Nacional de Agricultura |
||
| 041 | _a(Pt) | ||
| 072 | _aF30; F04 | ||
| 100 | 1 | _aAguiar, C.B.N. | |
| 100 | 1 | _aCoimbra, R.R. | |
| 100 | 1 | _aAferri, F.S. | |
| 100 | 1 | _aPaula, M.J. de | |
| 100 | 1 | _aFreitas, M.K.C. e | |
| 100 | 1 | _aOliveira, R.J. de | |
| 245 | 1 | _aDesempenho agronômico de híbridos de milho verde em função da adubação nitrogenada de cobertura | |
| 650 | _aMILHO HÍBRIDO | ||
| 650 | _aMILHO VERDE | ||
| 650 | _aFERTILIZANTE NITROGENADO | ||
| 650 | _aMÉTODO ESTATÍSTICO | ||
| 650 | _aGENÓTIPO | ||
| 650 | _aMEIO AMBIENTE | ||
| 650 | _aINTERAÇÃO GENÉTICA | ||
| 773 | 0 |
_tRevista de Ciências Agrárias (Brazil) _xISSN 1517-591X _g(Jan-Mar 2012), v. 55(1) p. 11-16 _wBR2012006884 |
|
| 909 |
_a202311 _bLúcia _c55 _dLúcia Elande |
||
| 942 |
_2AGRIS _n0 _cANA |
||
| 999 |
_c222044 _d222044 |
||